[Event "SVK-ch 65"]
[Site "Tatranske Matliare"]
[Date "2019.05.27"]
[Round "4"]
[White "Vagner, Ladislav"]
[Black "Miklas, Marian"]
[Result "1/2-1/2"]
[WhiteElo "1938"]
[BlackElo "2069"]
[PlyCount "103"]
[EventDate "2019.05.25"]
[EventType "swiss"]
[EventRounds "9"]
[EventCountry "SVK"]
[SourceTitle "CBM 190 Extra"]
[Source "ChessBase"]
[SourceDate "2019.07.15"]
[SourceVersion "1"]
[SourceVersionDate "2019.07.15"]
[SourceQuality "1"]

1. d4 Nf6 2. Bg5 Ne4 3. Bf4 c5 4. e3 Qa5+ 5. c3 d6 6. Bd3 Nf6 7. Nf3 g6 8. Nbd2 cxd4 9. exd4 Bg7 10. 0-0 0-0 11. Re1 Re8 12. Qb3 Nc6 13. Ne4 Nxe4 14. Bxe4 e5 15. Ng5 Qc7 16. Bd5 Rf8 17. dxe5 dxe5 18. Bg3 Bf5 19. Qc4 h6 20. Nf3 Rae8 21. Nd4 Qb6 22. Nxf5 gxf5 23. Rab1 f4 24. Bxf4 Na5 25. Qa4 Qd8 26. Red1 Qc7 27. Be3 Kh8 28. Qh4 Qe7 29. Qh5 Qf6 30. Bc5 Nc6 31. Bxf8 Bxf8 32. Bxf7 Re7 33. Bd5 e4 34. Qg4 Rg7 35. Qxe4 Ne5 36. Re1 Bd6 37. f4 Bc5+ 38. Kh1 Ng4 39. Qe8+ Bf8 40. Bf3 Nf2+ 41. Kg1 Nh3+ 42. Kf1 Nxf4 43. Qe5 Qa6+ 44. Re2 Nxe2 45. Qxe2 Qxa2 46. Rd1 Re7 47. Qb5 a6 48. Qf5 Qc4+ 49. Kf2 Rf7 50. Qe5+ Kh7 51. g3 Qg4 52. Qd5 1/2-1/2

[Event "Marianske Lazne op 50+"]
[Site "Marianske Lazne"]
[Date "2019.01.24"]
[Round "7"]
[White "Simkin, Alexander"]
[Black "Vagner, Ladislav"]
[Result "0-1"]
[WhiteElo "1742"]
[BlackElo "1972"]
[PlyCount "92"]
[EventDate "2019.01.19"]
[EventType "swiss"]
[EventRounds "9"]
[EventCountry "CZE"]
[SourceTitle "CBM 188 Extra"]
[Source "ChessBase"]
[SourceDate "2019.02.26"]
[SourceVersion "1"]
[SourceVersionDate "2019.02.26"]
[SourceQuality "1"]

1. e4 d6 2. d4 Nf6 3. Nc3 c6 4. Nf3 Bg4 5. Be2 Nbd7 6. h3 Bh5 7. 0-0 e5 8. Be3 Qc7 9. Qd2 Be7 10. Rad1 Bg6 11. Bd3 0-0 12. b3 a6 13. Qe2 Rad8 14. a4 Rfe8 15. d5 cxd5 16. Nxd5 Nxd5 17. exd5 e4 18. Bc4 exf3 19. Qxf3 Ne5 20. Qe2 Nxc4 21. bxc4 Bf6 22. Rb1 Rc8 23. Qd2 Qxc4 24. Rxb7 Qxa4 25. Bf4 Rxc2 26. Rb4 Rxd2 27. Rxa4 Rxd5 28. Rxa6 Bd3 29. Rd1 Bxa6 30. Rxd5 Be5 31. Be3 Bc4 32. Ra5 d5 33. Rc5 f6 34. g3 Rb8 35. Kg2 Rb5 36. Rc8+ Kf7 37. h4 h5 38. Bc5 d4 39. Kh2 Be6 40. Rf8+ Kg6 41. Ba3 Rb3 42. Ra8 Bd5 43. Rd8 Bf3 44. Bc1 Rb1 45. Rc8 d3 46. Rg8 d2 0-1

[Event "SVK-ch Seniors 50"]
[Site "Tatranske Matliare"]
[Date "2017.05.31"]
[Round "6"]
[White "Vagner, Ladislav"]
[Black "Kylar, Miroslav"]
[Result "0-1"]
[WhiteElo "1907"]
[BlackElo "1870"]
[PlyCount "162"]
[EventDate "2017.05.27"]
[EventType "swiss"]
[EventRounds "9"]
[EventCountry "SVK"]
[SourceTitle "EXT 2023"]
[Source "ChessBase"]
[SourceDate "2022.10.05"]
[SourceVersion "1"]
[SourceVersionDate "2022.10.05"]
[SourceQuality "1"]

1. d4 d5 2. Nf3 Nf6 3. c4 c6 4. Nc3 e6 5. Bg5 Nbd7 6. Qc2 Bb4 7. a3 Qa5 8. Bxf6 Nxf6 9. Nd2 Bxc3 10. bxc3 dxc4 11. Nxc4 Qd5 12. e4 Qxe4+ 13. Qxe4 Nxe4 14. Rc1 0-0 15. Bd3 Nf6 16. 0-0 b6 17. Nd6 Rd8 18. Nxc8 Raxc8 19. Ba6 Rc7 20. a4 g6 21. h3 c5 22. dxc5 Rxc5 23. c4 Ra5 24. Bb7 Rd7 25. Bf3 Rc7 26. Bd1 Ne4 27. Re1 Nc5 28. Ra1 Nb7 29. Bb3 Rac5 30. Rad1 Na5 31. Rd8+ Kg7 32. Ba2 Nxc4 33. Red1 Ne5 34. f4 Nc6 35. R8d7 Rxd7 36. Rxd7 Kf6 37. Kh2 h5 38. Bb3 Rc3 39. Bd1 Rc4 40. Bf3 Na5 41. Kg3 Rxa4 42. Rxa7 h4+ 43. Kxh4 Rxf4+ 44. Kg3 Rb4 45. h4 Nc4 46. h5 gxh5 47. Bxh5 Ne5 48. Rc7 b5 49. Rc3 Rb2 50. Re3 b4 51. Kh3 Rc2 52. Kh2 Rc3 53. Re1 Rc7 54. Rb1 Rb7 55. Rb3 Kg5 56. Be2 Kf4 57. Kg1 f5 58. Kf2 Ng4+ 59. Kg1 e5 60. g3+ Kg5 61. Bc4 Nf6 62. Be2 Ne4 63. Kg2 Nc5 64. Rb1 b3 65. Kf3 Na4 66. Ke3 Nc3 67. Rb2 Nxe2 68. Kxe2 Kg4 69. Kf2 Rb4 70. Kg2 e4 71. Kf2 e3+ 72. Kxe3 Kxg3 73. Ke2 f4 74. Kf1 Kf3 75. Ke1 Ke3 76. Kd1 Kd3 77. Kc1 Kc3 78. Rd2 Rd4 79. Rf2 Re4 80. Rc2+ Kb4 81. Rc8 Rc4+ 0-1

[Event "Tatry op"]
[Site "Tatranske Zruby"]
[Date "2012.09.26"]
[Round "5"]
[White "Vagner, Ladislav"]
[Black "Krmencik, Roman"]
[Result "1-0"]
[WhiteElo "2006"]
[BlackElo "1771"]
[PlyCount "61"]
[EventDate "2012.09.23"]
[EventType "swiss"]
[EventRounds "9"]
[EventCountry "SVK"]
[SourceTitle "EXT 2023"]
[Source "ChessBase"]
[SourceDate "2022.10.05"]
[SourceVersion "1"]
[SourceVersionDate "2022.10.05"]
[SourceQuality "1"]

1. Nf3 Nf6 2. d4 d5 3. c4 e6 4. Nc3 c6 5. e3 dxc4 6. Bxc4 b5 7. Bb3 a6 8. 0-0 Be7 9. Re1 0-0 10. Bc2 c5 11. Qe2 Nc6 12. dxc5 Bxc5 13. Ne4 Be7 14. Nxf6+ Bxf6 15. Bxh7+ Kxh7 16. Qc2+ g6 17. Qxc6 Bd7 18. Qd6 Be7 19. Qg3 Bc6 20. e4 Kg7 21. Bg5 f6 22. Bd2 Rc8 23. Qh3 Rh8 24. Qxe6 Bd7 25. Qb3 Bg4 26. Bf4 Qb6 27. e5 Bxf3 28. exf6+ Bxf6 29. Qxf3 Rhf8 30. Qh3 Bxb2 31. Re7+ 1-0

[Event "Tatry op"]
[Site "Tatranske Zruby"]
[Date "2011.10.01"]
[Round "8"]
[White "Koval, Anton"]
[Black "Vagner, Ladislav"]
[Result "1-0"]
[WhiteElo "2177"]
[BlackElo "1998"]
[PlyCount "113"]
[EventDate "2011.09.25"]
[EventType "swiss"]
[EventRounds "9"]
[EventCountry "SVK"]
[SourceTitle "CBM 144 Extra"]
[Source "ChessBase"]
[SourceDate "2011.10.28"]
[SourceVersion "1"]
[SourceVersionDate "2011.10.28"]
[SourceQuality "1"]

1. e4 d6 2. d4 Nf6 3. Nc3 c6 4. Nf3 Bg4 5. Be2 Qa5 6. 0-0 Nbd7 7. a3 e6 8. h3 Bh5 9. b4 Qc7 10. Be3 Be7 11. Qd2 Rc8 12. Rad1 Bg6 13. Bd3 0-0 14. Nh2 c5 15. Nb5 Qb8 16. bxc5 dxc5 17. Bf4 e5 18. dxe5 Nxe5 19. Nf3 Nxf3+ 20. gxf3 Qa8 21. Nc7 Rxc7 22. Bxc7 Qc8 23. Qf4 Qxh3 24. Qg3 Qe6 25. Qe5 Ne8 26. Bb8 Qxe5 27. Bxe5 a6 28. Bc4 b5 29. Bd5 Nd6 30. Bxd6 Bxd6 31. Bb7 Be5 32. Bxa6 b4 33. axb4 cxb4 34. Rd5 Bc3 35. Rfd1 Bf6 36. Bc4 h6 37. Rd7 Rc8 38. Bb3 Bh5 39. Kg2 Rc3 40. R1d3 Rc8 41. Rb7 Bc3 42. Rdd7 Rf8 43. f4 Bg6 44. f3 Be1 45. f5 Bh5 46. Rd1 Bc3 47. Rh1 g6 48. fxg6 Bxg6 49. Rxh6 Kg7 50. Rh1 Rd8 51. Bd5 Rc8 52. f4 Bd4 53. f5 Rxc2+ 54. Kg3 Be5+ 55. Kf3 Rc3+ 56. Ke2 b3 57. Bxb3 1-0

[Event "SVK-ch Seniors-B"]
[Site "Tatranske Matliare"]
[Date "2011.05.??"]
[Round "5"]
[White "Tomanek, Rafael"]
[Black "Vagner, Ladislav"]
[Result "1/2-1/2"]
[WhiteElo "1891"]
[BlackElo "2008"]
[PlyCount "76"]
[EventDate "2011.05.27"]
[EventType "swiss"]
[EventRounds "9"]
[EventCountry "SVK"]
[SourceTitle "EXT 2023"]
[Source "ChessBase"]
[SourceDate "2022.10.05"]
[SourceVersion "1"]
[SourceVersionDate "2022.10.05"]
[SourceQuality "1"]

1. d4 Nf6 2. Nf3 d5 3. c4 c6 4. cxd5 cxd5 5. Nc3 a6 6. Bf4 Nc6 7. e3 Bg4 8. Bd3 e6 9. 0-0 Be7 10. h3 Bh5 11. Qe2 0-0 12. Rac1 Rc8 13. g4 Bg6 14. Ne5 Bxd3 15. Nxd3 Na5 16. Na4 Rxc1 17. Rxc1 Bd6 18. Nac5 Bxf4 19. Nxf4 Qe7 20. Nfd3 Nc4 21. Ne5 Nd6 22. f3 h6 23. Rc2 Re8 24. Qe1 Nh7 25. Kg2 f6 26. Ned3 e5 27. dxe5 fxe5 28. e4 dxe4 29. Nxe4 Nb5 30. Rc5 Qf7 31. Rxb5 axb5 32. Nd6 Qg6 33. Nxe8 Qxd3 34. Qxe5 Qd7 35. h4 Nf8 36. Nc7 Qd2+ 37. Kg3 Qc1 38. h5 Qg1+ 1/2-1/2

[Event "SVK-ch Seniors-B"]
[Site "Tatranske Matliare"]
[Date "2011.05.??"]
[Round "3"]
[White "Vagner, Ladislav"]
[Black "Jambrich, Miroslav"]
[Result "1-0"]
[WhiteElo "2008"]
[BlackElo "1913"]
[PlyCount "37"]
[EventDate "2011.05.27"]
[EventType "swiss"]
[EventRounds "9"]
[EventCountry "SVK"]
[SourceTitle "EXT 2023"]
[Source "ChessBase"]
[SourceDate "2022.10.05"]
[SourceVersion "1"]
[SourceVersionDate "2022.10.05"]
[SourceQuality "1"]

1. Nf3 d5 2. d4 Nf6 3. c4 e6 4. Nc3 h6 5. Bf4 c6 6. e3 Bd6 7. Bg3 b6 8. Rc1 0-0 9. Ne5 Bb7 10. cxd5 exd5 11. Bd3 Qe7 12. 0-0 Nbd7 13. f4 Rac8 14. Qe2 Rfe8 15. Bh4 c5 16. Bb5 g5 17. fxg5 Bxe5 18. dxe5 Nh7 19. g6 1-0

[Event "Tatry op"]
[Site "Tatranske Zruby"]
[Date "2010.10.05"]
[Round "5"]
[White "Klanica, Anton"]
[Black "Vagner, Ladislav"]
[Result "0-1"]
[WhiteElo "1851"]
[BlackElo "2005"]
[PlyCount "78"]
[EventDate "2010.10.02"]
[EventType "swiss"]
[EventRounds "9"]
[EventCountry "SVK"]
[SourceTitle "CBM 138 Extra"]
[Source "ChessBase"]
[SourceDate "2010.10.29"]
[SourceVersion "1"]
[SourceVersionDate "2010.10.29"]
[SourceQuality "1"]

1. e4 e6 2. d4 d6 3. Nf3 Be7 4. c3 Nf6 5. Bd3 c5 6. dxc5 dxc5 7. Bb5+ Bd7 8. Bxd7+ Nfxd7 9. 0-0 Nc6 10. Be3 Qc7 11. Bg5 Nf6 12. Qc2 0-0 13. Re1 Rad8 14. Nbd2 b5 15. a3 c4 16. Rad1 Nd7 17. Bxe7 Nxe7 18. Nd4 Rb8 19. Rb1 Ne5 20. Re3 N7g6 21. g3 Ng4 22. Re2 N6e5 23. f3 Nf6 24. Kg2 Rfd8 25. Re3 Qc5 26. b4 Qb6 27. Re2 Nc6 28. Nxc6 Qxc6 29. Nf1 Nd7 30. Rd1 Ne5 31. Rxd8+ Rxd8 32. Rd2 Nd3 33. Qd1 Qa6 34. Qa1 f5 35. Re2 Qb6 36. exf5 exf5 37. Rd2 Re8 38. h4 Ne1+ 39. Kh3 Nxf3 0-1

[Event "Tatry op"]
[Site "Tatranske Zruby"]
[Date "2010.10.03"]
[Round "2"]
[White "Vagner, Ladislav"]
[Black "Jambrich, Miroslav"]
[Result "1-0"]
[WhiteElo "2005"]
[BlackElo "1910"]
[PlyCount "91"]
[EventDate "2010.10.02"]
[EventType "swiss"]
[EventRounds "9"]
[EventCountry "SVK"]
[SourceTitle "CBM 138 Extra"]
[Source "ChessBase"]
[SourceDate "2010.10.29"]
[SourceVersion "1"]
[SourceVersionDate "2010.10.29"]
[SourceQuality "1"]

1. d4 d5 2. Nf3 Nf6 3. c4 e6 4. Nc3 h6 5. Bf4 c6 6. e3 Nh5 7. Be5 Nd7 8. Be2 Nhf6 9. Bg3 Bb4 10. 0-0 Bxc3 11. bxc3 Ne4 12. Qc2 0-0 13. Bd3 f5 14. Be5 g5 15. cxd5 cxd5 16. g3 g4 17. Nh4 Nxe5 18. dxe5 Qg5 19. c4 Rf7 20. cxd5 exd5 21. a4 Be6 22. Rac1 Rc8 23. Qb2 Nc5 24. Bc2 Rfc7 25. Rcd1 Rd7 26. Qb5 a6 27. Qb2 Kg7 28. Ng2 Qe7 29. Nf4 Qf7 30. Rd4 h5 31. Rfd1 Kh6 32. Qb1 Kg5 33. h4+ gxh3 34. Nxh3+ Kh6 35. Rh4 Rg8 36. Nf4 Rg5 37. Qb6 Rc7 38. Rxd5 Rc6 39. Qd8 Bxd5 40. Nxd5 Rg8 41. Qe7 Qxd5 42. Rxh5+ Kxh5 43. Qh7+ Kg5 44. Qxf5+ Kh6 45. Qh7+ Kg5 46. Qh4# 1-0

[Event "Tatry op"]
[Site "Tatranske Zruby"]
[Date "2010.10.02"]
[Round "1"]
[White "Farkas, Vladimir"]
[Black "Vagner, Ladislav"]
[Result "1-0"]
[WhiteElo "1946"]
[BlackElo "2005"]
[PlyCount "143"]
[EventDate "2010.10.02"]
[EventType "swiss"]
[EventRounds "9"]
[EventCountry "SVK"]
[SourceTitle "CBM 138 Extra"]
[Source "ChessBase"]
[SourceDate "2010.10.29"]
[SourceVersion "1"]
[SourceVersionDate "2010.10.29"]
[SourceQuality "1"]

1. e4 e6 2. Nc3 d5 3. exd5 exd5 4. d4 Nf6 5. Nf3 Bf5 6. Bd3 Bxd3 7. Qxd3 c6 8. 0-0 Be7 9. Nh4 0-0 10. Nf5 Bb4 11. Bg5 Nbd7 12. Rae1 Qc7 13. Qf3 Rfe8 14. a3 Bf8 15. Bf4 Qb6 16. Na4 Qa5 17. Rxe8 Rxe8 18. Qb3 Re4 19. Be3 Qc7 20. Nc3 Re6 21. Nd1 Nb6 22. Qd3 Nc4 23. Bc1 g6 24. Nfe3 b5 25. g3 Ne4 26. Ng2 Nf6 27. Bg5 Bg7 28. Bf4 Qe7 29. Bc1 Ng4 30. f3 Nh6 31. Kf2 Qd7 32. b3 Nd6 33. Re1 Rxe1 34. Nxe1 Qh3 35. Kg1 Qe6 36. Bd2 Nhf5 37. c3 Bh6 38. Ng2 Bf8 39. Nf4 Qe7 40. Kf2 Nc8 41. Bc1 a5 42. Ng2 Bg7 43. Nde3 Nfd6 44. Ng4 b4 45. axb4 axb4 46. Nf4 h5 47. Ne3 bxc3 48. Qxc3 Qb7 49. Ne2 Nb5 50. Qd3 Ncd6 51. Bd2 Qb6 52. Nc2 Nf5 53. Be3 Qc7 54. Kg2 Qe7 55. Bf2 Qf6 56. Qd2 Bh6 57. Qd3 Bg7 58. Qd2 g5 59. h3 Nfd6 60. g4 Qg6 61. Be3 hxg4 62. hxg4 f6 63. Nb4 Qe8 64. Ng3 Na7 65. Qd3 Qe7 66. Kf2 Ne4+ 67. fxe4 Qxb4 68. exd5 cxd5 69. Nf5 Nb5 70. Bd2 Nc3 71. Qxc3 Qb8 72. Qg3 1-0

[Event "Tabor op"]
[Site "Tabor"]
[Date "2010.08.06"]
[Round "7"]
[White "Vagner, Ladislav"]
[Black "Bauma, Jiri"]
[Result "1/2-1/2"]
[WhiteElo "2024"]
[BlackElo "2173"]
[PlyCount "83"]
[EventDate "2010.08.01"]
[EventType "swiss"]
[EventRounds "9"]
[EventCountry "CZE"]
[SourceTitle "EXT 2012"]
[Source "ChessBase"]
[SourceDate "2011.11.24"]
[SourceVersion "1"]
[SourceVersionDate "2011.11.24"]
[SourceQuality "1"]

1. d4 Nc6 2. Nf3 Nf6 3. c4 d6 4. Bg5 Ne4 5. Bh4 Bf5 6. e3 Qd7 7. Be2 h6 8. Qb3 g5 9. Bg3 Bg7 10. Nc3 Nxg3 11. hxg3 0-0 12. Rd1 e6 13. d5 Na5 14. Qa3 b6 15. b4 Nb7 16. Nd4 a5 17. dxe6 Bxe6 18. Nxe6 fxe6 19. Bf3 Rxf3 20. gxf3 Qc6 21. c5 bxc5 22. b5 Qxf3 23. 0-0 h5 24. Nb1 h4 25. Nd2 Qg4 26. Kg2 Rf8 27. Rde1 c4 28. Qa4 d5 29. Qd1 Qxd1 30. Rxd1 Nc5 31. gxh4 gxh4 32. Rh1 c3 33. Nf3 h3+ 34. Rxh3 c2 35. Rc1 Nd3 36. Rxc2 Rxf3 37. Rxc7 Rxf2+ 38. Kg1 Be5 39. Ra7 Rxa2 40. Rhh7 Ra1+ 41. Kg2 Ra2+ 42. Kg1 1/2-1/2

[Event "Tabor op"]
[Site "Tabor"]
[Date "2010.08.05"]
[Round "6"]
[White "Svanda, Radek"]
[Black "Vagner, Ladislav"]
[Result "0-1"]
[WhiteElo "1814"]
[BlackElo "2024"]
[PlyCount "82"]
[EventDate "2010.08.01"]
[EventType "swiss"]
[EventRounds "9"]
[EventCountry "CZE"]
[SourceTitle "EXT 2012"]
[Source "ChessBase"]
[SourceDate "2011.11.24"]
[SourceVersion "1"]
[SourceVersionDate "2011.11.24"]
[SourceQuality "1"]

1. c4 Nf6 2. Nc3 c6 3. g3 d5 4. cxd5 cxd5 5. d4 Nc6 6. Nf3 e6 7. Bg2 Be7 8. 0-0 0-0 9. b3 b6 10. Bb2 Ba6 11. Re1 Rc8 12. Rc1 Bb4 13. a3 Bd6 14. b4 Bc4 15. e3 b5 16. Bf1 Bxf1 17. Rxf1 a6 18. Qd3 Ne7 19. Nd2 e5 20. dxe5 Bxe5 21. Nf3 Bb8 22. Ne2 Ne4 23. Ned4 Qd6 24. Nd2 Qg6 25. Qe2 h5 26. f3 Nd6 27. Rxc8 Rxc8 28. Rc1 Nc4 29. Nxc4 dxc4 30. Kg2 h4 31. g4 Re8 32. Qd2 f5 33. h3 fxg4 34. hxg4 Qd6 35. Kh1 Qg3 36. Qg2 Nd5 37. Qxg3 hxg3 38. e4 Nf4 39. Rc2 Rd8 40. Rc1 g2+ 41. Kg1 Rxd4 0-1

[Event "Tabor op"]
[Site "Tabor"]
[Date "2010.08.04"]
[Round "5"]
[White "Vagner, Ladislav"]
[Black "Wagner, Adam"]
[Result "1-0"]
[WhiteElo "2024"]
[BlackElo "1729"]
[PlyCount "111"]
[EventDate "2010.08.01"]
[EventType "swiss"]
[EventRounds "9"]
[EventCountry "CZE"]
[SourceTitle "EXT 2012"]
[Source "ChessBase"]
[SourceDate "2011.11.24"]
[SourceVersion "1"]
[SourceVersionDate "2011.11.24"]
[SourceQuality "1"]

1. d4 Nf6 2. Nf3 e6 3. c4 d5 4. Nc3 Bb4 5. Qb3 Nc6 6. a3 Bxc3+ 7. Qxc3 0-0 8. Bg5 Re8 9. Ne5 Nxe5 10. dxe5 Ne4 11. Bxd8 Nxc3 12. Bxc7 Na4 13. b3 Nc5 14. Rb1 b6 15. e3 Bb7 16. f3 Ba6 17. Bd6 Nd7 18. Rd1 dxc4 19. bxc4 Rac8 20. Rc1 Rc6 21. Kf2 Rec8 22. Kg3 Bxc4 23. Bxc4 Rxc4 24. Rxc4 Rxc4 25. Rd1 h5 26. h4 Rc3 27. Kf4 Nc5 28. Bxc5 bxc5 29. Rd8+ Kh7 30. Rd7 Rxa3 31. Rxf7 Kg6 32. Rc7 Ra6 33. Rxc5 Rb6 34. g4 Rb8 35. Rc6 Rb6 36. Rxb6 axb6 37. Ke4 Kh6 38. Kd4 g5 39. hxg5+ Kxg5 40. gxh5 Kxh5 41. Kc4 Kg5 42. Kb5 Kf5 43. f4 Ke4 44. Kxb6 Kxe3 45. f5 exf5 46. e6 f4 47. e7 f3 48. e8Q+ Kf2 49. Kc5 Kg2 50. Qg6+ Kf1 51. Qd3+ Kg2 52. Qe4 Kg3 53. Qg6+ Kh2 54. Qh5+ Kg2 55. Qg4+ Kf2 56. Kd4 1-0

[Event "Tatry op"]
[Site "Tatranske Zruby"]
[Date "2009.10.04"]
[Round "9"]
[White "Vagner, Ladislav"]
[Black "Hujo, Jozef"]
[Result "1/2-1/2"]
[WhiteElo "2016"]
[BlackElo "2138"]
[PlyCount "41"]
[EventDate "2009.09.27"]
[EventType "swiss"]
[EventRounds "9"]
[EventCountry "SVK"]
[SourceTitle "EXT 2011"]
[Source "ChessBase"]
[SourceDate "2010.11.26"]
[SourceVersion "1"]
[SourceVersionDate "2010.11.26"]
[SourceQuality "1"]

1. d4 Nf6 2. Nf3 e6 3. c4 b6 4. e3 Bb7 5. Be2 Bb4+ 6. Bd2 a5 7. 0-0 Ne4 8. a3 Be7 9. Nc3 0-0 10. Rc1 d6 11. Ne1 Nd7 12. Nxe4 Bxe4 13. f3 Bb7 14. e4 e5 15. d5 Bg5 16. Nd3 Nc5 17. Rb1 Bxd2 18. Qxd2 Nb3 19. Qe3 Nc5 20. f4 f6 21. Bg4 1/2-1/2

[Event "Tatry op"]
[Site "Tatranske Zruby"]
[Date "2009.09.30"]
[Round "5"]
[White "Pertlova, Sona"]
[Black "Vagner, Ladislav"]
[Result "1-0"]
[WhiteElo "2226"]
[BlackElo "2016"]
[PlyCount "67"]
[EventDate "2009.09.27"]
[EventType "swiss"]
[EventRounds "9"]
[EventCountry "SVK"]
[SourceTitle "EXT 2011"]
[Source "ChessBase"]
[SourceDate "2010.11.26"]
[SourceVersion "1"]
[SourceVersionDate "2010.11.26"]
[SourceQuality "1"]

1. d4 d5 2. c4 c6 3. Nf3 Nf6 4. g3 Nbd7 5. Qc2 dxc4 6. Qxc4 Nb6 7. Qd3 g6 8. e4 Bg7 9. Bg2 0-0 10. 0-0 Re8 11. Rd1 Bg4 12. h3 Bd7 13. Nc3 Qc7 14. Bf4 Qc8 15. Kh2 Nh5 16. Be3 Qc7 17. Rac1 Rad8 18. Qe2 Nf6 19. Nb5 Qc8 20. d5 Na8 21. e5 Nh5 22. Nxa7 Qc7 23. Nb5 Qa5 24. Nc3 Bf8 25. e6 fxe6 26. dxe6 Bc8 27. Ng5 Rxd1 28. Rxd1 Nc7 29. Qc4 h6 30. b4 Qa8 31. Rd7 Qa6 32. Qe4 Kg7 33. Bd4+ Kg8 34. Qxg6+ 1-0

[Event "Tatry op"]
[Site "Tatranske Zruby"]
[Date "2009.09.29"]
[Round "3"]
[White "Vagner, Ladislav"]
[Black "Koval, Anton"]
[Result "1/2-1/2"]
[WhiteElo "2016"]
[BlackElo "2170"]
[PlyCount "103"]
[EventDate "2009.09.27"]
[EventType "swiss"]
[EventRounds "9"]
[EventCountry "SVK"]
[SourceTitle "EXT 2011"]
[Source "ChessBase"]
[SourceDate "2010.11.26"]
[SourceVersion "1"]
[SourceVersionDate "2010.11.26"]
[SourceQuality "1"]

1. d4 d5 2. Nf3 Nf6 3. c4 e6 4. Nc3 Be7 5. Bf4 0-0 6. e3 b6 7. Rc1 c5 8. cxd5 exd5 9. Bd3 Bb7 10. 0-0 Nbd7 11. h3 Ne4 12. Qe2 Ndf6 13. Ba6 Bxa6 14. Qxa6 Nxc3 15. bxc3 Qc8 16. Qa4 c4 17. Ne5 Re8 18. Rfe1 a6 19. Qc2 Ba3 20. Rb1 b5 21. f3 Nh5 22. Bh2 f6 23. Ng4 f5 24. Nf2 Nf6 25. Be5 Qe6 26. e4 fxe4 27. fxe4 Nd7 28. exd5 Qxd5 29. Bh2 Re6 30. Ng4 Rae8 31. Rxe6 Rxe6 32. Ne5 Bd6 33. Nxd7 Bxh2+ 34. Kxh2 Qxd7 35. Rf1 Qd6+ 36. Kh1 h6 37. Qf2 Qe7 38. Qf5 Rf6 39. Qd5+ Qf7 40. Qa8+ Kh7 41. Rxf6 Qxf6 42. Qe4+ Qg6 43. Qe1 Qd3 44. a3 a5 45. Kh2 b4 46. cxb4 axb4 47. axb4 Qxd4 48. b5 Qd3 49. b6 Qd6+ 50. Kh1 Qxb6 51. Qe4+ Kh8 52. Qxc4 1/2-1/2

[Event "Cesky Krumlov op 1st"]
[Site "Cesky Krumlov"]
[Date "2007.10.19"]
[Round "8"]
[White "Vagner, Ladislav"]
[Black "Ockay, Tomas"]
[Result "1-0"]
[WhiteElo "2006"]
[BlackElo "2113"]
[PlyCount "65"]
[EventDate "2007.10.13"]
[EventType "swiss"]
[EventRounds "9"]
[EventCountry "CZE"]
[SourceTitle "EXT 2008"]
[Source "ChessBase"]
[SourceDate "2007.11.25"]
[SourceVersion "1"]
[SourceVersionDate "2007.11.25"]
[SourceQuality "1"]

1. d4 Nf6 2. Nf3 b6 3. Bg5 Bb7 4. Nbd2 h6 5. Bh4 d5 6. e3 e6 7. Ne5 Be7 8. Bd3 Nbd7 9. Bb5 0-0 10. Nxd7 Nxd7 11. Bxe7 Qxe7 12. 0-0 a6 13. Ba4 b5 14. Bb3 c5 15. c3 e5 16. Qh5 Rad8 17. Rfe1 c4 18. Bc2 e4 19. Nf1 Nf6 20. Qh4 b4 21. Ng3 bxc3 22. bxc3 Bc8 23. Nh5 Rd6 24. Reb1 Qc7 25. Rb4 Nxh5 26. Qxh5 f5 27. f4 exf3 28. Qxf3 Qf7 29. Rab1 Qc7 30. Qg3 Qd8 31. Rb8 Rdf6 32. R1b7 R8f7 33. Rxc8 1-0